[Event "Challenge"]
[Site "http://www.queenalice.com/game.php?id=508123"]
[Date "2008.12.15"]
[Round "-"]
[White "Robersonsa"]
[Black "Mr_SPOCK"]
[Result "1/2-1/2"]
[WhiteElo "1292"]
[BlackElo "1679"]

1. e4 e5 2. Nc3 Nf6 3. Nf3 d5 4. exd5 Nxd5 5. Qe2 Be7 6. Nxe5 O-O 7. Qh5 Nf4 8.
Qf3 Bg5 9. d3 Nxd3+ 10. cxd3 Nc6 11. Qe4 Nxe5 12. Qxe5 Re8 13. Qe3 Bxe3 14. fxe3
c5 15. b3 Qf6 16. Bd2 b5 17. Rc1 b4 18. Nd5 Qc6 19. e4 Qxd5 20. Kd1 Qh5+ 21. Kc2
c4 22. bxc4 Qg6 23. Bxb4 Rb8 24. Bc5 a5 25. h4 Qh5 26. Bd6 Rb7 27. Kc3 Qh6 28.
Ba3 Qf6+ 29. d4 Rd7 30. Rd1 Rxe4 31. Bc1 Qb6 32. a3 Qb1 33. Bd3 Qa1+ 34. Bb2 Qa2
35. Ra1 Qxb2+ 36. Kxb2 Rb7+ 37. Kc1 Rxd4 38. Re1 f6 39. Re8+ Kf7 40. Rxc8 Rxd3
41. Kc2 Rbb3 42. c5 a4 43. c6 Rg3 44. Rd8 Rxg2+ 45. Rd2 Rgg3 46. Rd7+ Ke8 47.
Re1+ Rge3 48. Rxe3+ Rxe3 49. Rxg7 Kd8 50. Rxh7 Rxa3 51. Ra7 Ra2+ 52. Kb1 Ra3 53.
h5 Rh3 54. Rh7 a3 55. Ka2 f5 56. Rf7 Rxh5 57. Kxa3 Rh3+ 58. Ka4 Rh4+ 59. Kb5 f4
60. Kb6 Rh6 61. Kb7 Rxc6 62. Kxc6 f3 63. Rxf3 Ke7 64. Kd5 Kd7 65. Rf7+ Ke8 66.
Ke6 Kd8 67. Rf8+ Kc7 68. Kd5 Kd7 69. Rh8 Ke7 70. Rh5 Kf6 71. Re5 Kg6 72. Ke6 Kg7
73. Rf5 Kg6 74. Re5 Kg7 75. Rg5+ Kh6 76. Kf6 Kh7 77. Rg6 Kh8 78. Rg7 1/2-1/2

[Event "Challenge"]
[Site "http://www.queenalice.com/game.php?id=514052"]
[Date "2008.12.29"]
[Round "-"]
[White "Mr_SPOCK"]
[Black "Robersonsa"]
[Result "1-0"]
[WhiteElo "1653"]
[BlackElo "1310"]

1. e4 e5 2. Qh5 d6 3. Bc4 g6 4. Qf3 f6 5. h4 a6 6. h5 b5 7. hxg6 bxc4 8. gxh7
Nh6 9. Qh5+ Ke7 10. d4 Rxh7 11. Bxh6 Bxh6 12. Qg6 Qh8 13. Nc3 c6 14. Nf3 Qg7 15.
Qxg7+ Rxg7 16. Rxh6 Rg8 17. O-O-O a5 18. Rh7+ Kd8 19. dxe5 fxe5 20. Nxe5 Ke8 21.
Nf7 Ba6 22. Nxd6+ Kf8 23. Rf7# 1-0

[Event "Challenge"]
[Site "http://www.queenalice.com/game.php?id=515886"]
[Date "2009.1.2"]
[Round "-"]
[White "Robersonsa"]
[Black "Mr_SPOCK"]
[Result "1-0"]
[WhiteElo "1344"]
[BlackElo "1674"]

1. e4 e5 2. Nf3 Nc6 3. c4 Bc5 4. d3 Nd4 5. Nxd4 Bxd4 6. Qf3 d6 7. Qg3 Nf6 8. Be2
g6 9. h3 c5 10. O-O Nh5 11. Bxh5 Rg8 12. Na3 d5 13. Nb5 dxe4 14. dxe4 a6 15. Na3
b5 16. Rb1 bxc4 17. Nxc4 a5 18. Nxe5 Ba6 19. Qf4 f6 20. Nc6 Qc8 21. Qd6 Bxf1 22.
Qe7# 1-0

[Event "AUTO-BEG-266"]
[Site "http://www.queenalice.com/game.php?id=523859"]
[Date "2009.1.16"]
[Round "2"]
[White "Robersonsa"]
[Black "juliermern"]
[Result "0-1"]
[WhiteElo "1423"]
[BlackElo "1612"]

1. e4 e5 2. Nc3 Nf6 3. Nf3 Nc6 4. d3 Bb4 5. a3 Bxc3+ 6. bxc3 d5 7. exd5 Nxd5 8.
Bg5 f6 9. Bh4 Nxc3 10. Qd2 Na4 11. c4 Nd4 12. Rb1 Nxf3+ 13. gxf3 Nc5 14. Rg1 g5
15. Bg3 Bf5 16. Rb5 Nxd3+ 17. Ke2 Nf4+ 18. Kd1 Qxd2+ 19. Kxd2 O-O-O+ 20. Ke1 h5
21. h4 Nd3+ 22. Kd2 Nxf2+ 23. Kc1 Rd1+ 24. Kb2 Nd3+ 25. Kc2 Rc1+ 26. Kd2 Rd8 27.
Rb3 Ra1 28. Ke3 Nc1 29. Rc3 Rd1 30. Rh1 Na2 31. Rb3 Rxf1 32. Rxf1 Rxf1 33. Rb2
Nc3 34. c5 g4 35. Rf2 Nd1+ 36. Ke2 Rxf2+ 37. Bxf2 Nxf2 38. Kxf2 gxf3 39. Kxf3
Kd7 40. Ke3 Ke6 41. Kd2 Kd5 42. Kc3 Kxc5 0-1

[Event "AUTO-BEG-266"]
[Site "http://www.queenalice.com/game.php?id=523860"]
[Date "2009.1.16"]
[Round "2"]
[White "juliermern"]
[Black "Robersonsa"]
[Result "1-0"]
[WhiteElo "1605"]
[BlackElo "1432"]

1. e4 e5 2. Nf3 d6 3. Nc3 Nf6 4. Bc4 Bg4 5. h3 Bxf3 6. Qxf3 a6 7. Nd5 Nbd7 8.
Nxf6+ Nxf6 9. d3 b5 10. Bd5 Rb8 11. Bg5 Qe7 12. Bxf6 gxf6 13. O-O Rg8 14. b4 h6
15. a4 Rg6 16. axb5 axb5 17. Qf5 Kd8 18. Ra8 Rxa8 19. Bxa8 Rg5 20. Qf3 Qe6 21.
Bd5 Qe7 22. Ra1 c6 23. Bxc6 Qc7 24. Qxf6+ Kc8 25. Ra8+ Qb8 26. Rxb8+ Kxb8 27.
Qxf7 Bg7 28. Qb7# 1-0

[Event ":("]
[Site "http://www.queenalice.com/game.php?id=525177"]
[Date "2009.1.18"]
[Round "-"]
[White "Mr_SPOCK"]
[Black "Robersonsa"]
[Result "0-1"]
[WhiteElo "1562"]
[BlackElo "1373"]

1. e4 e5 2. Nf3 Nc6 3. d4 exd4 4. Nxd4 Ne5 5. Bb5 c6 6. Ba4 Qf6 7. Nf5 g6 8. Ne3
Bc5 9. O-O b5 10. Bb3 a5 11. c4 a4 12. Bc2 b4 13. b3 a3 14. Ng4 Qe6 15. Nxe5
Qxe5 16. Qf3 Qxa1 17. Bg5 h6 18. Nd2 Qxa2 19. Bf6 Qxc2 20. Bxh8 Qxd2 21. h4 a2
22. g4 d6 23. h5 gxh5 24. gxh5 Bd4 25. Bxd4 Qxd4 26. Rd1 Qg7+ 27. Kh2 a1=Q 28.
Rxa1 Rxa1 29. Qe3 Qg1# 0-1

[Event "AUTO-INT-1721"]
[Site "http://www.queenalice.com/game.php?id=786417"]
[Date "2010.6.6"]
[Round "1"]
[White "Robersonsa"]
[Black "Nektor"]
[Result "0-1"]
[WhiteElo "1412"]
[BlackElo "1750"]

1. e4 e5 2. Bc4 Bc5 3. Qf3 Qf6 4. Qe2 Nc6 5. Nc3 Nd4 6. Nd5 Nxe2 7. Nxf6+ Nxf6
8. Nxe2 Nxe4 9. O-O O-O 10. d3 Nf6 11. a4 d5 12. Bb3 c6 13. a5 a6 14. Ra4 h6 15.
c4 Be6 16. g3 d4 17. f3 Bf5 18. g4 Bxd3 19. Ng3 Bxf1 20. Nxf1 e4 21. fxe4 Nxe4
22. Bc2 d3+ 0-1

[Event "AUTO-INT-1721"]
[Site "http://www.queenalice.com/game.php?id=786418"]
[Date "2010.6.6"]
[Round "1"]
[White "Nektor"]
[Black "Robersonsa"]
[Result "1-0"]
[WhiteElo "1747"]
[BlackElo "1415"]

1. d4 d5 2. c4 dxc4 3. e3 e6 4. Bxc4 Bb4+ 5. Bd2 Bd6 6. Nf3 Nf6 7. Nc3 O-O 8. e4
c6 9. e5 Ne8 10. exd6 Nxd6 11. Bd3 f5 12. O-O b5 13. Ne5 b4 14. Na4 Qh4 15. Nf3
Qg4 16. Bxb4 Rf6 17. Bxd6 Rg6 18. g3 Bb7 19. Ne5 Qg5 20. Nxg6 hxg6 21. Bf4 Qe7
22. Nc5 Bc8 23. Re1 Qf7 24. Bc4 Kh7 25. Bxe6 Qf8 26. g4 Qf6 27. gxf5 1-0

[Event "AUTO-INT-1721"]
[Site "http://www.queenalice.com/game.php?id=786420"]
[Date "2010.6.6"]
[Round "1"]
[White "edgarmribeiro"]
[Black "Robersonsa"]
[Result "0-1"]
[WhiteElo "1325"]
[BlackElo "1402"]

1. Nc3 e5 2. e4 Nf6 3. Nf3 Nc6 4. a3 Bc5 5. Bc4 Ng4 6. Nd4 Nxd4 7. Bd3 h5 8. O-O
Qh4 9. h3 Ne6 10. hxg4 hxg4 11. Be2 Qh2# 0-1

[Event "Challenge"]
[Site "http://www.queenalice.com/game.php?id=1606161"]
[Date "2020.4.5"]
[Round "-"]
[White "amaralch7"]
[Black "Robersonsa"]
[Result "1/2-1/2"]
[WhiteElo "1991"]
[BlackElo "1433"]

1. e4 e5 2. Nf3 d6 3. Bc4 Be6 4. Bxe6 fxe6 5. O-O Nf6 6. d3 h6 7. Be3 Ng4 8. Bd2
Nc6 9. h3 Nf6 10. c3 b5 11. d4 Nxe4 12. Be1 a6 13. d5 Ne7 14. dxe6 c6 15. Nbd2
Nc5 16. b4 Nd3 17. Qc2 Nxe1 18. Raxe1 Qb6 19. Ne4 O-O-O 20. a4 a5 21. axb5 cxb5
22. bxa5 Qa6 23. Rd1 d5 24. Nc5 Qxa5 25. Nxe5 Qa7 26. Ncd7 Qa6 27. Nf7 Qxe6 28.
Nfe5 Rxd7 29. Nxd7 Qxd7 30. Ra1 Kb8 31. Ra5 Nc6 32. Rxb5+ Kc8 33. Rfb1 Bd6 34.
Qd3 Qe6 35. Rxd5 Rd8 36. Qa6+ Kd7 37. Rb7+ Ke8 38. Qxc6+ Kf8 39. Rxd6 Rxd6 40.
Rb8+ Kf7 41. Rb7+ Kf6 42. Qf3+ Kg6 43. Qg3+ Kf6 44. Qxg7+ Kf5 45. Qg4+ Ke5 46.
Rb5+ Rd5 47. Qe2+ Kf6 48. Qxe6+ Kxe6 49. Rxd5 Kxd5 50. Kf1 Kc4 51. Ke2 Kxc3 52.
Ke3 Kc4 53. Ke4 h5 54. f4 Kc5 55. Ke5 Kc6 56. Ke6 Kc5 57. f5 Kd4 58. f6 Ke3 59.
f7 Kf2 60. f8=Q+ Kxg2 61. Qf5 h4 62. Ke5 Kg3 63. Ke4 Kg2 1/2-1/2